000 05972cam a2200625 i 4500
001 on1393505284
003 OCoLC
005 20240620195746.0
006 m o d
007 cr cnu---mpcba
008 230814s2023 acaa gob 000 0 eng d
040 _aANV
_beng
_erda
_cANV
_dANV
_dAUNED
_dOCLCQ
_dYDX
_dJSTOR
_dANV
_dOCLCO
020 _a9781760466084
_q(electronic book)
020 _a1760466085
_q(electronic book)
020 _z9781760466077
_q(paperback)
020 _z1760466077
_q(paperback)
035 _a(OCoLC)1393505284
_z(OCoLC)1424927605
037 _a22573/cats13116430
_bJSTOR
043 _au-at---
050 4 _aDU115
050 0 4 _aDU120
_b.M466 2023
245 0 0 _aMemory in place :
_blocating colonial histories and commemoration /
_cedited by Cameo Dalley and Ashley Barnwell.
264 1 _aCanberra, ACT, Australia :
_bANU Press,
_c[2023]
300 _a1 online resource (xx, 295 pages) :
_billustrations.
336 _atext
_btxt
_2rdacontent
337 _acomputer
_bc
_2rdamedia
338 _aonline resource
_bcr
_2rdacarrier
347 _atext file
_bPDF
505 0 _aPart I. History in the landscape archive. 1. Matriarch: Reclaiming the mermaid / Julia Hurst and Karen Maber ; 2. Spirit of place: The critical case for site visits in the construction of Indigenous Australian histories / Barry Judd and Katherine Ellinghaus ; 3. Memory-lines: Ethnographies of colonial violence in Central Australia / Jason Gibson, Jennifer Green and Joel Liddle; 4. Tommy Burns and the challenge of truth-telling on the pastoral frontier in the Gulf Country of northern Australia / Richard Martin and Fred Pascoe; 5. Searching for Retribution Camp / Billy Griffiths; 6. The South Australian frontier and its legacies: Remembering and representing the Mount Bryan murders / Skye Krichauff -- Part II: Remembering and forgetting in heritage spaces; 7. A stone in the park of empire: Reclaiming First Nations space through burial / Alexandra Roginski; 8. Place as archive: The heritage of children's homes and the legacies of colonial violence / Sarah Hayes, Steven Cooke, Edwina Kay and Antony Catrice; 9. Engaging communities in archives and museums / Imelda Miller, Olivia Robinson and Cameo Dalley; 10. History by committee: Representing the 'facts' of settler colonialism in a local historical society museum / Cameo Dalley and Ashley Barnwell; 11. Displaying frontier violence at the Australian War Memorial / Thomas J. Rogers; 12. Blue sky mining and Sweet Country: Is it too soon to commemorate colonial violence? / Chris Healy -- Afterword: Re-membering history at our current juncture / Yin Paradies.
520 1 _aMemory in Place brings together Indigenous and non-Indigenous scholars and practitioners grappling with the continued potency of memories and experiences of colonialism. While many of these conversations have taken place on a national stage, this collection returns to the rich intimacy of the local. From Queensland's sweeping Gulf Country, along the shelly beaches of south Sydney, Melbourne's city gardens and the rugged hills of South Australia, through Central Australia's dusty heart and up to the majestic Kimberley, the collection charts how interactions between Indigenous people, settlers and their descendants are both remembered and forgotten in social, political, and cultural spaces. It offers uniquely diverse perspectives from a range of disciplines including history, anthropology, memory studies, archaeology, and linguistics from both established and emerging scholars; from Indigenous and non-Indigenous contributors; and from academics as well as museum and cultural heritage practitioners. The collection locates some of the nation's most pressing political issues with attention to the local, and the ethics of commemoration and relationships needed at this scale. It will be of interest to those who see the past as intimately connected to the future.
504 _aIncludes bibliographical references.
542 _nUnless stated otherwise, the author retains copyright to their work while ANU Press retains exclusive worldwide rights for the distribution of the book. From 2018, the majority of ANU Press titles are published under a Creative Commons licence (CC BY-NC-ND; creativecommons.org/licenses/by-nc-nd/4.0/), which broadens the ways in which works can be used and distributed. Please refer to the copyright page of each book for more information on a specific title's copyright licensing.
506 0 _fUnrestricted online access.
_2star
_5AU-CaNED
590 _aJSTOR
_bBooks at JSTOR Open Access
651 0 _aAustralia
_xPolitics and government
_yTo 1900.
_0http://id.loc.gov/authorities/subjects/sh85009598
650 0 _aImperialism.
_0http://id.loc.gov/authorities/subjects/sh85064628
650 0 _aCollective memory
_zAustralia.
651 0 _aAustralia
_xEthnic relations
_xHistoriography.
651 0 _aAustralia
_xColonization
_xHistoriography
_xPolitical aspects.
651 0 _aAustralia
_xColonization
_xHistoriography
_xSocial aspects.
650 0 _aIndigenous peoples
_xSocial life and customs
_xHistoriography.
650 0 _aMemorials
_xPolitical aspects
_zAustralia.
650 4 _aAboriginal and/or Torres Strait Islander content.
651 6 _aAustralie
_xPolitique et gouvernement
_yJusqu'à 1900.
650 6 _aImpérialisme.
650 6 _aMémoire collective
_zAustralie.
651 6 _aAustralie
_xColonisation
_xHistoriographie
_xAspect politique.
651 6 _aAustralie
_xColonisation
_xHistoriographie
_xAspect social.
700 1 _aDalley, Cameo,
_eeditor.
_0http://id.loc.gov/authorities/names/n2020019309
700 1 _aBarnwell, Ashley,
_eeditor.
_0http://id.loc.gov/authorities/names/n2018059637
710 2 _aAustralian National University Press,
_epublisher.
_0http://id.loc.gov/authorities/names/nb2018017990
856 4 0 _uhttps://www.jstor.org/stable/10.2307/jj.13167844
942 _cE-BOOK
994 _a92
_bPHURS
999 _c80576
_d80575